Signes astrologiques par indices (3) - Statistiques

Statistiques générales
  • Ce quiz a été pris 90 fois
  • Le résultat moyen est 9 sur 12
Statistiques - réponses
Hint Réponse % Correct
la famille... bélier
92%
....... ton quoi balance
90%
on peut la rencontrer à Lourdes vierge
90%
sa queue fait 90 cm lion
88%
Le signe astral le plus intelligent d'après les astrologues (tant pis si ce n'est pas le tien) verseau
86%
sa première syllabe indique une ville de normandie cancer
85%
Mi homme, mi chèvre capricorne
83%
Fabrice San.... taureau
79%
Sa deuxième syllabe indique une ville du 77 gémeaux
77%
son poids en verlan poissons
74%
Still loving you scorpions
64%
Fabrice ........o centaure
1%
Aucun quiz correspondant
Distribution des résultats
% des personnes avec chaque résultat
Percentile par nombre de réponses
Votre historique - résultats
Vous n’avez pas pris ce quiz